000 00282nam a2200121Ia 4500
008 190216s9999||||xx |||||||||||||| ||und||
100 _aParihar N S
245 0 _aIntorduction To Embryophyta
260 _bCentral Book Depot
_c1969
300 _a367p
650 _aBotany
942 _cBK
999 _c1124
_d1124